000
00267nam a22001217a 4500
008
180104b xxu||||| |||| 00| 0 eng d
041
_a
eng
080
_a
572
100
_a
24
101
_a
ANT
245
_a
AMERICA'S FIRST CIVILIZATION
_c
COE,M.D
942
_2
udc
_c
BK
999
_c
39668
_d
39668